000 00398nam a2200157Ia 4500
008 151213s9999 xx 000 0 und d
100 _aW. M. Rivers
245 _aTeaching Foreign Language Skills
_cW. M. Rivers
250 _a1 st
260 _aLondon
_bThe University of Chicago
_c1968
300 _a4149 p.
650 _aEnglish
650 _aEnglish
700 _aW. M. Rivers
999 _c2581
_d2581